Whistleblowing: hvízda se na lepší časy?

Pojem whistleblowing. Legislatívne plány vlády ČR. Fungovanie interného ombudsmana. Ochrana osobných údajov.

Gespeichert in:
Bibliographische Detailangaben
1. Verfasser: Fára, Ivana
Weitere Verfasser: Tomšej, Jakub
Format: Buchkapitel
Sprache:Tschechisch
Schlagworte:
Tags: Tag hinzufügen
Keine Tags, Fügen Sie das erste Tag hinzu!

MARC

LEADER 00000naa a2200000 4500
001 0165076
005 20231019115819.9
041 0 |a cze 
044 |a CZ 
245 1 0 |a Whistleblowing: hvízda se na lepší časy?  |c Ivana Fára, Jakub Tomšej 
520 |a Pojem whistleblowing. Legislatívne plány vlády ČR. Fungovanie interného ombudsmana. Ochrana osobných údajov. 
610 2 0 |a firmy 
610 2 0 |a korupcia 
610 2 0 |a podmienky pracovné 
610 2 0 |a diskriminácia pracovná 
610 2 0 |a úpravy právne 
610 2 0 |a Česko 
100 1 |a Fára, Ivana 
700 1 |a Tomšej, Jakub